| Tag |
First Indicator |
Second Indicator |
Subfields |
| LEADER |
00000cam a2200000 a 4500 |
| 001 |
in00000031351 |
| 005 |
20151007060408.0 |
| 008 |
870911s1987 nyu 00011 eng d |
| 035 |
|
|
|a (OCoLC)16671006
|
| 035 |
|
|
|9 AAC0747AM
|
| 040 |
|
|
|a KRL
|c KRL
|d TXA
|d UtOrBLW
|
| 049 |
|
|
|a TXAM
|c [A11032740]
|
| 050 |
|
4 |
|a PS3570.E664
|b A92 1987
|
| 100 |
1 |
|
|a Tepper, Sheri S.
|
| 245 |
1 |
4 |
|a The Awakeners /
|c Sheri S. Tepper.
|
| 250 |
|
|
|a [Book club ed.].
|
| 264 |
|
1 |
|a Garden City, N.Y. :
|b Nelson Doubleday, Inc.,
|c [1987]
|
| 264 |
|
4 |
|c ©1987
|
| 300 |
|
|
|a 437 pages ;
|c 22 cm.
|
| 336 |
|
|
|a text
|b txt
|2 rdacontent
|
| 337 |
|
|
|a unmediated
|b n
|2 rdamedia
|
| 338 |
|
|
|a volume
|b nc
|2 rdacarrier
|
| 500 |
|
|
|a Edition statement from dust jacket.
|
| 505 |
0 |
|
|a Northshore -- Southshore.
|
| 700 |
1 |
2 |
|a Tepper, Sheri S.
|t Northshore.
|
| 700 |
1 |
2 |
|a Tepper, Sheri S.
|t Southshore.
|
| 740 |
0 |
|
|a Northshore.
|
| 740 |
0 |
|
|a Southshore.
|
| 999 |
|
|
|a MARS
|
| 999 |
f |
f |
|s 13670848-d264-3923-b416-6cabc41f3c29
|i f64403d2-a1cd-35ba-9906-b641914e3dd9
|t 0
|
| 952 |
f |
f |
|p normal
|a Texas A&M University
|b College Station
|c Sterling C. Evans Library
|s Evans stk
|d Evans: Library Stacks
|t 0
|e PS3570.E664 A92 1987
|h Library of Congress classification
|i unmediated -- volume
|m A14811032740
|
| 998 |
f |
f |
|a PS3570.E664 A92 1987
|t 0
|l Evans: Library Stacks
|